Statistics for Most Populous Countries In 15 Seconds

Click here to take the quiz!

General Stats

  • This quiz has been taken 52 times
  • The average score is 6 of 10

Answer Stats

Answer% Correct
US
94%
China
85%
India
82%
Russia
62%
Indonesia
56%
Pakistan
56%
Brazil
53%
Nigeria
35%
Bangladesh
32%
Japan
29%

Score Distribution

Percentile by Number Answered

Percent of People with Each Score

Your Score History

You have not taken this quiz